Integrovaná logistika slovenských obchodných podnikov a eurologistika dizertačná práca
Enregistré dans:
| Auteur principal: | |
|---|---|
| Collectivité auteur: | |
| Autres auteurs: | |
| Format: | Livre |
| Langue: | slovaque |
| Publié: |
Bratislava
2009
|
| Sujets: | |
| Tags: |
Pas de tags, Soyez le premier à ajouter un tag!
|
MARC
| LEADER | 00000nam$a2200000$$$4500 | ||
|---|---|---|---|
| 001 | 0108657 | ||
| 005 | 20221207101117.6 | ||
| 041 | 0 | |a slo | |
| 044 | |a SK | ||
| 245 | 1 | 0 | |a Integrovaná logistika slovenských obchodných podnikov a eurologistika |b dizertačná práca |c Martin Kiaba ; škol. Jana Štofilová |
| 264 | 1 | |a Bratislava |c 2009 | |
| 300 | |a 185 s. | ||
| 610 | 2 | 0 | |a logistika |
| 610 | 2 | 0 | |a riadenie obchodu |
| 610 | 2 | 0 | |a reťazce dodávateľsko-odberateľské |
| 610 | 2 | 0 | |a audit |
| 610 | 2 | 0 | |a Slovensko |
| 100 | 1 | |a Kiaba, Martin | |
| 700 | 1 | |a Štofilová, Jana | |
| 710 | 2 | |a Obchodná fakulta EU. Katedra marketingu | |